000 00342nam a2200133Ia 4500
008 240624s9999 xx 000 0 und d
041 _aeng
082 _a658.409 MAR
100 _aMARCUS ALFRED A
245 _aBIG WINNERS AND BIG LOSERS
260 _c2006
_aNew Delhi
_bPearson Education
300 _axxv, : 396 : p. : cm. ; 26
365 _cRS
999 _c3671
_d3671